000 01090nam a2200277 a 4500
005 20100506135223.0
008 080216s2008 ii bl 000 0 eng
020 _a9878190367161
_c180.00
037 _bBookwell Publications
040 _adpl
_bEngish
100 _aNigam, Shalu
245 _aAbout your right to information (simplified) :
_balongwith latest decisions by Central Information Commission /
_cby Shalu Nigam.
246 _aAbout your right to information
250 _a2nd ed., rev. and updated
260 _aNew Delhi
_bWe the People Trust
_c2008.
270 _aPO Box 3123 Lodhi Road, HPO
_bNew Delhi
_e110003
300 _aix, 236 p. ;
_c23 cm(pbk)
490 _aFight for your rights series
504 _aIncludes bibliographical references
610 _aIndia.
_tRight to Information Act, 2005.
650 _aFreedom of information
_zIndia.
710 _aWe the People Trust (New Delhi, India)
942 _2ddc
_cEN
_mNIG
999 _c35748
_d35748